[Event "GER-chT Christmas U20"]
[Site "Playchess.com INT"]
[Date "2020.12.29"]
[Round "7.2"]
[White "Foerster, Fabio"]
[Black "Foerster, Nico"]
[Result "1-0"]
[WhiteElo "1602"]
[BlackElo "1789"]
[PlyCount "75"]
[EventDate "2020.12.29"]
[EventType "team-swiss (blitz)"]
[EventRounds "7"]
[EventCountry "GER"]
[SourceTitle "CBM 200 Extra"]
[Source "ChessBase"]
[SourceDate "2021.03.31"]
[SourceVersion "1"]
[SourceVersionDate "2021.03.31"]
[SourceQuality "1"]
[WhiteTeam "Ersingen"]
[BlackTeam "Greiz"]
[WhiteTeamCountry "GER"]
[BlackTeamCountry "GER"]

1. c4 c5 2. Nc3 d6 3. g3 g6 4. Bg2 Bg7 5. d3 e5 6. e4 f5 7. Nge2 Nf6 8. 0-0 0-0 9. f4 Nc6 10. h3 Nd4 11. Nxd4 cxd4 12. Ne2 fxe4 13. dxe4 Qb6 14. Kh2 Bd7 15. b3 Nh5 16. Ba3 exf4 17. Nxf4 Nxf4 18. Rxf4 Rxf4 19. gxf4 d3 20. Rb1 Qe3 21. Bc1 Qf2 22. Qxd3 Bc6 23. Be3 Qh4 24. Qxd6 Rd8 25. Qe6+ Kh8 26. Qg4 Qe7 27. e5 Bxg2 28. Qxg2 Rd3 29. Qe2 Rc3 30. Bd4 Qb4 31. Bxc3 Qxc3 32. Qd1 Qa5 33. Rb2 Bxe5 34. Rf2 Bg7 35. Qd5 Qc7 36. Kg3 h6 37. Re2 Qc8 38. Qf7 1-0

[Event "GER-chT Christmas U20"]
[Site "Playchess.com INT"]
[Date "2020.12.29"]
[Round "2.2"]
[White "Sinnhoefer, Joshua"]
[Black "Foerster, Fabio"]
[Result "1/2-1/2"]
[WhiteElo "1712"]
[BlackElo "1602"]
[PlyCount "89"]
[EventDate "2020.12.29"]
[EventType "team-swiss (blitz)"]
[EventRounds "7"]
[EventCountry "GER"]
[SourceTitle "CBM 200 Extra"]
[Source "ChessBase"]
[SourceDate "2021.03.31"]
[SourceVersion "1"]
[SourceVersionDate "2021.03.31"]
[SourceQuality "1"]
[WhiteTeam "Delmenhorst"]
[BlackTeam "Ersingen"]
[WhiteTeamCountry "GER"]
[BlackTeamCountry "GER"]

1. e4 c5 2. Nf3 g6 3. d4 cxd4 4. Nxd4 Nc6 5. Be3 Bg7 6. c4 Nf6 7. Nc3 0-0 8. Be2 d6 9. 0-0 a6 10. Rc1 Bd7 11. f3 Nxd4 12. Bxd4 Bc6 13. Nd5 Bxd5 14. cxd5 Rc8 15. Rxc8 Qxc8 16. Bf2 Nd7 17. b3 a5 18. Qc1 b6 19. Bb5 Nc5 20. Bxc5 Qxc5+ 21. Qxc5 bxc5 22. Rc1 Rb8 23. Bc6 Rb4 24. Rc4 Kf8 25. Kf1 e6 26. Ke2 Ke7 27. Kd3 h5 28. Rxb4 axb4 29. dxe6 fxe6 30. Ke3 g5 31. h4 Bd4+ 32. Kd2 Kf6 33. Be8 gxh4 34. Bxh5 d5 35. Kd3 Ke5 36. exd5 exd5 37. Bf7 Bf2 38. Bg8 Bg3 39. Bf7 Bf4 40. Bg8 Bg5 41. Bf7 Be7 42. Bg8 d4 43. Bf7 Kf4 44. Be6 Kg3 45. Bh3 1/2-1/2